Prieskum spoločensky zodpovedného podnikania uskutočnený metódou snowball

Spoločensky zodpovedné podnikanie, jeho výhody a nevýhody v podnikoch východoslovenského regiónu. Výsledky prieskumu spoločensky zodpovedného podnikania uskutočneného dotazníkovou, takzvanou snowball metódou (metóda snehovej gule, kde sa kontakty nabaľujú).

Guardado en:
Detalles Bibliográficos
Autor principal: Halagová, Lýdia
Otros Autores: Bašistová, Alena
Formato: Capítulo de libro
Lenguaje:eslovaco
Materias:
Etiquetas: Agregar Etiqueta
Sin Etiquetas, Sea el primero en etiquetar este registro!

MARC

LEADER 00000nla$a2200000$$$4500
001 0136086
005 20240502072525.8
041 0 |a slo 
044 |a SK 
245 1 0 |a Prieskum spoločensky zodpovedného podnikania uskutočnený metódou snowball  |c Lýdia Halagová, Alena Bašistová 
520 |a Spoločensky zodpovedné podnikanie, jeho výhody a nevýhody v podnikoch východoslovenského regiónu. Výsledky prieskumu spoločensky zodpovedného podnikania uskutočneného dotazníkovou, takzvanou snowball metódou (metóda snehovej gule, kde sa kontakty nabaľujú). 
610 2 0 |a prostredie podnikateľské 
610 2 0 |a stratégia podnikateľská 
610 2 0 |a politika podnikania 
610 2 0 |a podnikanie zodpovedné 
610 2 0 |a zodpovednosť spoločenská 
610 2 0 |a etika podnikateľská 
610 2 0 |a Slovensko 
610 2 0 |a regióny 
610 2 0 |a dotazníky 
100 1 |a Halagová, Lýdia 
700 1 |a Bašistová, Alena